000 00838nam a22002177a 4500
999 _c12616
_d12616
003 AR-CdUCM
008 190409b ||||| |||| 00| 0 spa d
040 _aMUNICIPALIDAD PROVINCIAL DEL CUSCO
_cBIBLIOTECA MUNICIPAL DEL CUSCO
082 _a372.4 /
_bB89 / 1940
100 _aBühier, Charlotte
_915156
245 _aEl desarrollo psicológico del niño /
260 _aBuenos Aires :
_bLosada,
_c1940.
300 _a195 páginas ;
_c17 cm.
440 _aBiblioteca del maestro
_n3
_915157
505 _aContenido: Inventario del primer año de vida -- Medida de la madurez en la edad preescolar -- Aplicaciones practica -- Desarrollo social en la edad preescolar...
650 _aPreescolar
_930545
650 _aPsicología para niños
_930546
650 _aEdad escolar
_930547
942 _2ddc
_cLIBROS
945 _adavv
_d09/04/2019